[Event "4th Stage Russian Cup"]
[Site "Samara RUS"]
[Date "2002.07.28"]
[Round "3"]
[White "Nevostrujev,V"]
[Black "Grachev,B"]
[Result "1/2-1/2"]
[WhiteElo "2502"]
[BlackElo "2466"]
[EventDate "2002.07.26"]

1. e4 c5 2. Nf3 Nc6 3. d4 cxd4 4. Nxd4 e6 5. Nb5 d6 6. Bf4 e5 7. Be3 a6 8.
N5c3 Nf6 9. Be2 Be7 10. Nd5 Nxd5 11. exd5 Nb8 12. O-O Bg5 13. Bxg5 Qxg5 14.
a4 O-O 15. Qd2 Qg6 16. Ra3 f5 17. f4 Nd7 18. a5 exf4 19. Qxf4 Ne5 20. Rb3
Qf7 21. Qd4 f4 22. Nd2 Bg4 23. Bxg4 Nxg4 24. Nc4 Qg6 25. Qd3 Rac8 26. h3
Qxd3 27. cxd3 Ne3 28. Nxe3 fxe3 29. Rxb7 Rc2 30. Rxf8+ Kxf8 31. Kf1 Rf2+
32. Ke1 Rxg2 33. b4 Ra2 34. Rb6 Ke7 35. Rxa6 Kf6 36. Rc6 Ke5 37. Rc4 Kxd5
38. Re4 Rb2 39. a6 Ra2 40. Rxe3 Rxa6 41. Re7 Kd4 42. Rxg7 Kxd3 43. Rxh7 d5
44. h4 Rb6 45. Rg7 d4 46. Kd1 Rxb4 47. Kc1 Rc4+ 48. Kd1 1/2-1/2

[Event "4th Stage Russian Cup"]
[Site "Samara RUS"]
[Date "2002.07.28"]
[Round "3"]
[White "Obukhov,A"]
[Black "Kostenko,P"]
[Result "1/2-1/2"]
[WhiteElo "2444"]
[BlackElo "2482"]
[EventDate "2002.07.26"]

1. Nf3 c5 2. c4 Nc6 3. Nc3 g6 4. e3 Bg7 5. d4 d6 6. h3 e6 7. d5 exd5 8.
cxd5 Ne5 9. Nd2 a6 10. a4 Bf5 11. e4 Bd7 12. Be2 g5 13. Nf1 h6 14. Ng3 Ng6
15. Nh5 Be5 16. g3 Nf6 17. Qc2 Nxh5 18. Bxh5 b5 19. axb5 axb5 20. Rxa8 Qxa8
21. Bg4 Bxg4 22. hxg4 Qc8 23. Qe2 b4 24. Nd1 Bd4 25. f4 f6 26. Be3 Kf7 27.
O-O Kg7 28. Bxd4 cxd4 29. f5 Ne5 30. Nf2 Qc5 31. Nd3 Qc4 32. Rc1 Qxd3 33.
Rc7+ Kf8 34. Rc8+ 1/2-1/2

[Event "4th Stage Russian Cup"]
[Site "Samara RUS"]
[Date "2002.07.28"]
[Round "3"]
[White "Chuprov,D"]
[Black "Iljushin,A"]
[Result "1/2-1/2"]
[WhiteElo "2468"]
[BlackElo "2526"]
[EventDate "2002.07.26"]

1. g3 c5 2. Bg2 Nc6 3. e4 g6 4. Nc3 Bg7 5. d3 d6 6. Nge2 e6 7. h4 h5 8. O-O
Nge7 9. Bg5 O-O 10. Qd2 f6 11. Be3 e5 12. a3 b6 13. Rab1 Nd4 14. b4 Bg4 15.
f3 Be6 16. f4 Rc8 17. bxc5 dxc5 18. fxe5 fxe5 19. Rxf8+ Qxf8 20. Rf1 Qd8
21. Bg5 Qd6 22. Kh2 Nxe2 23. Qxe2 c4 24. Bxe7 Qxe7 25. Nd5 Qxa3 26. dxc4
Qc5 27. Bh3 Bxh3 28. Kxh3 Qxc4 29. Qxc4 Rxc4 30. Ra1 Rxe4 31. Rxa7 Rc4 32.
Ra8+ Kh7 33. Ra7 1/2-1/2

[Event "4th Stage Russian Cup"]
[Site "Samara RUS"]
[Date "2002.07.28"]
[Round "3"]
[White "Arzumanian,G"]
[Black "Alavkin,A"]
[Result "1-0"]
[WhiteElo "2461"]
[BlackElo "2498"]
[EventDate "2002.07.26"]

1. e4 e6 2. d4 d5 3. Nd2 Nf6 4. e5 Nfd7 5. c3 c5 6. Bd3 Nc6 7. Ne2 cxd4 8.
cxd4 f6 9. Nf4 Nxd4 10. Qh5+ Ke7 11. Ng6+ hxg6 12. exf6+ Nxf6 13. Qxh8 Kf7
14. Qh4 e5 15. Nf3 Nxf3+ 16. gxf3 Bf5 17. Bxf5 gxf5 18. Bg5 Qa5+ 19. Kf1 g6
20. Bxf6 Qa6+ 21. Kg2 Qxf6 22. Qa4 Qc6 23. Qb3 Bc5 24. Rac1 b6 25. Rhe1 Kf6
26. Qe3 Qd6 27. Qh6 d4 28. Rg1 Qf8 29. Qd2 a5 30. Kh1 Qg7 31. a3 a4 32. Rg2
Rg8 33. Rcg1 Qb7 34. Qg5+ Kf7 35. Rg3 Qd5 36. h4 Be7 37. Qh6 Bf8 38. Qg5
Be7 39. Qh6 Bf8 40. Qc1 Bc5 41. Kg2 d3 42. h5 g5 43. Qd2 g4 44. Kf1 f4 45.
Rxg4 Rxg4 46. fxg4 Qf3 47. Rg2 e4 48. g5 Qe2+ 49. Qxe2 dxe2+ 50. Ke1 1-0

[Event "4th Stage Russian Cup"]
[Site "Samara RUS"]
[Date "2002.07.28"]
[Round "3"]
[White "Kornev,Alexe"]
[Black "Kurnosov,I"]
[Result "1/2-1/2"]
[WhiteElo "2567"]
[BlackElo "2433"]
[EventDate "2002.07.26"]

1. e4 c5 2. Nf3 e6 3. c3 d5 4. exd5 exd5 5. d4 Nf6 6. Bb5+ Bd7 7. Qe2+ Be7
8. dxc5 O-O 9. Be3 Re8 10. b4 Ng4 11. O-O a5 12. Bxd7 Nxd7 13. Qd2 Nxe3 14.
fxe3 Bf6 15. Qxd5 axb4 16. Nbd2 Qe7 17. Rad1 bxc3 18. Nb3 Qxe3+ 19. Kh1 Ne5
20. Rfe1 Ng4 21. Rxe3 Nxe3 22. Qd6 Nxd1 23. Qxd1 Rxa2 24. h4 c2 25. Qd7 Rd8
26. Qxb7 Rb2 27. Qe4 Rxb3 28. Qxc2 Rc3 29. Qf5 h6 30. Kh2 Rc4 31. Kh3 Be7
32. Ne5 Rc3+ 33. g3 Bf6 34. Nd7 Be7 35. Ne5 Rf8 36. Nd7 Rd8 37. Ne5 Rf8
1/2-1/2

[Event "4th Stage Russian Cup"]
[Site "Samara RUS"]
[Date "2002.07.28"]
[Round "3"]
[White "Shestoperov,A"]
[Black "Dyachkov,S"]
[Result "1/2-1/2"]
[WhiteElo "2458"]
[BlackElo "2549"]
[EventDate "2002.07.26"]

1. d4 Nf6 2. Nf3 d6 3. c4 g6 4. g3 Bg7 5. Bg2 O-O 6. O-O c6 7. Nc3 Na6 8.
e4 e5 9. h3 Qb6 10. d5 cxd5 11. cxd5 Bd7 12. Ne1 Nc5 13. Nd3 Nxd3 14. Qxd3
Rfc8 15. Qe2 Qb4 16. Be3 Rc4 17. a3 Qb3 18. Rfc1 b5 19. Qd1 Qxd1+ 20. Rxd1
Rc7 21. g4 Rb8 22. f3 Ne8 23. Bf1 1/2-1/2

[Event "4th Stage Russian Cup"]
[Site "Samara RUS"]
[Date "2002.07.28"]
[Round "3"]
[White "Yevseev,D"]
[Black "Pridorozhni,A"]
[Result "1-0"]
[WhiteElo "2546"]
[BlackElo "2453"]
[EventDate "2002.07.26"]

1. d4 d5 2. c4 c6 3. Nc3 Nf6 4. e3 e6 5. Nf3 Nbd7 6. Bd3 Bd6 7. e4 dxe4 8.
Nxe4 Nxe4 9. Bxe4 O-O 10. O-O f5 11. Bc2 c5 12. b3 cxd4 13. Qxd4 Be7 14.
Rb1 Bf6 15. Qe3 Re8 16. Ba3 g6 17. Rbd1 Qa5 18. b4 Qc7 19. c5 Nf8 20. Ba4
Bd7 21. Bxd7 Nxd7 22. Nd4 Ne5 23. Nb5 Qg7 24. Nd6 Re7 25. b5 g5 26. Qb3 Kh8
27. Rc1 g4 28. Kh1 Bg5 29. Bb2 Bf6 30. c6 bxc6 31. bxc6 Rf8 32. Ba3 Bg5 33.
Rc5 Ng6 34. Bb2 e5 35. Nxf5 Rxf5 36. c7 Rxc7 37. Qb8+ Qf8 38. Qxf8+ Rxf8
39. Rxc7 Kg8 40. f3 gxf3 41. Rxf3 Rd8 42. g3 a5 43. Bc3 Bh6 44. Rff7 Rd3
45. Rfd7 Re3 46. Bxa5 Ra3 47. Bb4 Rxa2 48. Rxh7 1-0

[Event "4th Stage Russian Cup"]
[Site "Samara RUS"]
[Date "2002.07.28"]
[Round "3"]
[White "Smirnov,P"]
[Black "Frolyanov,D"]
[Result "1-0"]
[WhiteElo "2539"]
[BlackElo "2448"]
[EventDate "2002.07.26"]

1. e4 c5 2. Nf3 Nc6 3. Bb5 e6 4. O-O Nge7 5. c3 d5 6. exd5 Qxd5 7. Re1 Bd7
8. Na3 Ng6 9. Bc4 Qh5 10. d4 Be7 11. Be2 Qf5 12. dxc5 Rd8 13. b4 O-O 14.
Nc4 Bc8 15. Qb3 Nf4 16. Bxf4 Qxf4 17. Rad1 Rxd1 18. Rxd1 e5 19. Ne3 Be6 20.
Bc4 e4 21. Nd4 Bxc4 22. Qxc4 Ne5 23. Qe2 Rd8 24. g3 Qg5 25. h4 Qf6 26. Ndf5
Rxd1+ 27. Qxd1 Bf8 28. Qd5 Nf3+ 29. Kg2 Ne1+ 30. Kf1 g6 31. Nd4 Nd3 32. Ng4
Qe7 33. Qxe4 Qxe4 34. Nf6+ Kg7 35. Nxe4 1-0

[Event "4th Stage Russian Cup"]
[Site "Samara RUS"]
[Date "2002.07.28"]
[Round "3"]
[White "Tishin,P"]
[Black "Karpeshov,O"]
[Result "1/2-1/2"]
[WhiteElo "2513"]
[BlackElo "2408"]
[EventDate "2002.07.26"]

1. e4 e5 2. Nf3 Nc6 3. Bc4 Bc5 4. c3 Nf6 5. d4 exd4 6. O-O Nxe4 7. cxd4 d5
8. dxc5 dxc4 9. Qxd8+ Kxd8 10. Rd1+ Bd7 11. Be3 Kc8 12. Na3 c3 13. b3 Re8
14. Rdc1 Nb4 15. Ne1 Nd5 16. Bd4 Nf4 17. Rc2 Bf5 18. g3 Ne6 19. Bxc3 N4xc5
20. Rcc1 b6 21. b4 Ne4 22. Be5 Kb7 23. f3 Nd6 24. Bxd6 cxd6 25. Nc4 Rad8
26. Rd1 d5 27. Ne3 Bg6 28. Nxd5 Nc7 29. Nxc7 Rxd1 30. Rxd1 Kxc7 31. Kf2 f6
32. Ng2 Bf7 33. Ne3 Rd8 34. Rxd8 Kxd8 35. a3 Kd7 36. Ke2 Be6 1/2-1/2

[Event "4th Stage Russian Cup"]
[Site "Samara RUS"]
[Date "2002.07.28"]
[Round "3"]
[White "Bryzgalin,K"]
[Black "Makarov,M"]
[Result "1/2-1/2"]
[WhiteElo "2446"]
[BlackElo "2512"]
[EventDate "2002.07.26"]

1. e4 c5 2. Nf3 d6 3. d4 Nf6 4. Nc3 cxd4 5. Nxd4 a6 6. Bg5 e6 7. Qd2 h6 8.
Bxf6 Qxf6 9. O-O-O Nc6 10. Nxc6 bxc6 11. f4 Qd8 12. Na4 Be7 13. Qe3 Rb8 14.
c4 Qa5 15. b3 O-O 16. Be2 e5 17. g3 Be6 18. h4 d5 19. f5 d4 20. Qf3 Bd7 21.
c5 Rb4 22. Rd2 Bxc5 23. Nxc5 Qxc5+ 24. Rc2 Qa5 25. g4 Qa3+ 26. Kd2 Qa5 27.
Kc1 Qa3+ 28. Kd2 Qa5 29. Kc1 1/2-1/2

[Event "4th Stage Russian Cup"]
[Site "Samara RUS"]
[Date "2002.07.28"]
[Round "3"]
[White "Iskusnyh,S"]
[Black "Krishilovsky,A"]
[Result "1/2-1/2"]
[WhiteElo "2485"]
[BlackElo "2040"]
[EventDate "2002.07.26"]

1. c4 c5 2. Nf3 Nf6 3. Nc3 e6 4. e4 d6 5. d4 cxd4 6. Nxd4 Be7 7. Be2 a6 8.
O-O O-O 9. Be3 Bd7 10. Qd2 Nc6 11. Rfd1 Rb8 12. Rac1 Re8 13. f3 Nxd4 14.
Bxd4 Bc6 15. Bf1 b5 16. cxb5 axb5 17. a3 d5 18. e5 Nd7 19. Na2 Ba8 20. Nb4
Rb6 21. f4 Rb8 22. Bd3 Rf8 23. Rc3 Rc8 24. Rdc1 Rc4 25. Bxc4 dxc4 26. Qf2
Qc7 27. b3 Nc5 28. bxc4 Ne4 29. cxb5 Qa5 30. Qe3 Nxc3 31. Bxc3 Qxa3 32. Ra1
Qb3 33. Nc6 Ba3 34. Bd4 Qxb5 35. Qxa3 Qxc6 36. Qb2 Rd8 37. h3 h6 38. Qf2
Qe4 39. Rd1 Rc8 40. Kh2 Rc2 41. Rd2 Rc8 42. Qe3 Qb1 43. Qd3 Qe1 44. Be3 Bc6
1/2-1/2

[Event "4th Stage Russian Cup"]
[Site "Samara RUS"]
[Date "2002.07.28"]
[Round "3"]
[White "Zakharevich,I"]
[Black "Ovetchkin,R"]
[Result "1-0"]
[WhiteElo "2463"]
[BlackElo "2557"]
[EventDate "2002.07.26"]

1. d4 Nf6 2. c4 c5 3. d5 e6 4. Nf3 exd5 5. cxd5 Bd6 6. Bg5 h6 7. Bh4 Qa5+
8. Nc3 Ne4 9. Qc2 Nxc3 10. bxc3 O-O 11. g4 Na6 12. g5 hxg5 13. Bxg5 c4 14.
Rg1 f6 15. Bh6 Rf7 16. Rd1 Bf8 17. d6 b6 18. Bh3 Nc5 19. Qg6 Qxc3+ 20. Kf1
Ne6 21. Bf5 Bxd6 22. Bxe6 dxe6 23. Bxg7 1-0

[Event "4th Stage Russian Cup"]
[Site "Samara RUS"]
[Date "2002.07.28"]
[Round "3"]
[White "Kovalevskaya,E"]
[Black "Torbin,K"]
[Result "1-0"]
[WhiteElo "2486"]
[BlackElo "2388"]
[EventDate "2002.07.26"]

1. e4 e5 2. Nf3 Nc6 3. Bb5 Nge7 4. O-O g6 5. c3 Bg7 6. d4 exd4 7. cxd4 d5
8. exd5 Nxd5 9. Re1+ Be6 10. Bg5 Qd6 11. Nbd2 h6 12. Ne4 Qb4 13. Bxc6+ bxc6
14. Qc1 Qb6 15. Bd2 O-O-O 16. Nc5 Bf5 17. Ne5 Bxe5 18. dxe5 Nb4 19. Na4 Qb5
20. Bxb4 Qxa4 21. Be7 Rd3 22. Bf6 Re8 23. b3 Qb5 24. Qxh6 Qd5 25. Rac1 Kb7
26. Rc4 Rd1 27. Qe3 Qd2 28. Qxd2 Rxd2 29. Ra4 Be6 30. h3 Bd5 31. Rc1 Ra8
32. Kf1 Be6 33. Ke1 Rb2 34. Bg5 Re8 35. Be3 Bf5 36. Bd4 Rb1 37. Rxb1 Bxb1
38. Rxa7+ Kb8 39. Ra4 c5 40. Bxc5 Rxe5+ 41. Be3 Be4 42. Kf1 f5 43. Kg1 Rd5
44. Rd4 Rxd4 45. Bxd4 Bb1 46. a3 Bc2 47. b4 c6 48. Kh2 Kc7 49. Kg3 Kd6 50.
Kf4 Ke6 51. f3 Bd1 52. g4 Bc2 53. Kg5 Kf7 54. h4 fxg4 55. fxg4 1-0

[Event "4th Stage Russian Cup"]
[Site "Samara RUS"]
[Date "2002.07.28"]
[Round "3"]
[White "Fominyh,A"]
[Black "Temirbaev,S"]
[Result "1/2-1/2"]
[WhiteElo "2530"]
[BlackElo "2433"]
[EventDate "2002.07.26"]

1. d4 Nf6 2. c4 g6 3. Nf3 Bg7 4. g3 O-O 5. Bg2 d6 6. O-O Nc6 7. Nc3 a6 8.
e3 Rb8 9. Qe2 b5 10. Rd1 Nd7 11. Nd2 Na7 12. Nb3 c6 13. e4 a5 14. cxb5 cxb5
15. d5 b4 16. Na4 Nb5 17. Be3 Ba6 18. Rac1 Ne5 19. Nd4 Ra8 20. Nxb5 Rb8 21.
Bf1 Bxb5 22. Qc2 Bxf1 23. Rxf1 Qd7 24. b3 Qg4 25. f4 Rbc8 1/2-1/2

[Event "4th Stage Russian Cup"]
[Site "Samara RUS"]
[Date "2002.07.28"]
[Round "3"]
[White "Sunjaikin,B"]
[Black "Skatchkov,P"]
[Result "0-1"]
[WhiteElo "2219"]
[BlackElo "2485"]
[EventDate "2002.07.26"]

1. e4 e5 2. Nf3 Nf6 3. Nxe5 d6 4. Nf3 Nxe4 5. d4 d5 6. Bd3 Bd6 7. O-O O-O
8. c4 c6 9. Nc3 Nxc3 10. bxc3 Bg4 11. cxd5 cxd5 12. Rb1 Nd7 13. Rb5 Nb6 14.
h3 Bh5 15. c4 Bxf3 16. Qxf3 dxc4 17. Bc2 Qc7 18. a4 a6 19. Rb2 Rab8 20. Bh6
Qc6 21. Qf5 g6 22. Qa5 Nd7 23. Bxf8 Bxf8 24. Rfb1 Ba3 25. Ra2 Bd6 26. Rab2
Ba3 27. Ra2 Bd6 28. Rab2 h6 29. Bd1 Bc7 30. Qb4 b5 31. axb5 axb5 32. Bf3
Qf6 33. Qc3 Qa6 34. Bd5 Qd6 35. Qg3 c3 36. Qxc3 Nb6 37. Bf3 Na4 38. Qc6
Qh2+ 39. Kf1 Nxb2 40. Rxb2 Rb6 41. Qe8+ Kg7 42. Bd5 Rf6 43. Qxb5 Bg3 44.
Ke1 Bc7 45. Kf1 Qh1+ 46. Ke2 Qc1 47. Ra2 Bg3 48. Bf3 Re6+ 49. Kd3 Bxf2 50.
Re2 Qd1+ 0-1

[Event "4th Stage Russian Cup"]
[Site "Samara RUS"]
[Date "2002.07.28"]
[Round "3"]
[White "Yurtaev,L"]
[Black "Solovjov,S"]
[Result "1/2-1/2"]
[WhiteElo "2552"]
[BlackElo "2457"]
[EventDate "2002.07.26"]

1. d4 d5 2. c4 e6 3. Nc3 c6 4. e3 Nf6 5. Nf3 Nbd7 6. Bd3 dxc4 7. Bxc4 b5 8.
Bb3 b4 9. Ne2 Bb7 10. Nf4 Bd6 11. Ng5 Bxf4 12. exf4 O-O 13. Be3 Qe7 14. O-O
c5 15. Re1 h6 16. Nf3 Rfd8 17. Rc1 Rac8 18. Qe2 Nd5 19. dxc5 Nxe3 20. Qxe3
Nxc5 21. Ne5 Nxb3 22. axb3 Rxc1 23. Rxc1 Qd6 24. f3 Qd2 25. Qxd2 Rxd2 26.
Rc7 Bd5 27. h4 Rxb2 28. Rc8+ Kh7 29. h5 Rxb3 30. Nxf7 g6 31. hxg6+ Kxg6 32.
Ne5+ Kg7 33. Rc7+ Kf8 34. Rxa7 Ra3 35. Rd7 b3 36. Ng4 b2 1/2-1/2

[Event "4th Stage Russian Cup"]
[Site "Samara RUS"]
[Date "2002.07.28"]
[Round "3"]
[White "Matveeva,S"]
[Black "Bezgodov,A"]
[Result "1/2-1/2"]
[WhiteElo "2448"]
[BlackElo "2518"]
[EventDate "2002.07.26"]

1. d4 d5 2. c4 e6 3. Nc3 Be7 4. cxd5 exd5 5. Bf4 Nf6 6. e3 O-O 7. Bd3 c5 8.
Nge2 Nc6 9. O-O Be6 10. dxc5 Bxc5 11. Rc1 Bd6 12. Bxd6 Qxd6 13. Nb5 Qe5 14.
Nbd4 Ng4 15. Ng3 Nxd4 16. exd4 Qf4 17. h3 Nf6 1/2-1/2

[Event "4th Stage Russian Cup"]
[Site "Samara RUS"]
[Date "2002.07.28"]
[Round "3"]
[White "Vulfson,V"]
[Black "Shinkevich,V"]
[Result "0-1"]
[WhiteElo "2412"]
[BlackElo "2487"]
[EventDate "2002.07.26"]

1. d4 d5 2. c4 c6 3. Nf3 Nf6 4. Nc3 e6 5. e3 Nbd7 6. Qc2 Bd6 7. b3 O-O 8.
Be2 a6 9. O-O e5 10. cxd5 cxd5 11. dxe5 Nxe5 12. Bb2 Be6 13. Rfd1 Rc8 14.
Rac1 Ne4 15. Qb1 Nxf3+ 16. Bxf3 Bxh2+ 17. Kxh2 Qh4+ 18. Kg1 Qxf2+ 19. Kh2
Qg3+ 20. Kg1 Qf2+ 21. Kh2 Ng5 22. Be2 Bh3 23. Rg1 Bf5 24. Rgf1 Qh4+ 25. Kg1
Bxb1 26. Rxb1 Rxc3 27. Bxc3 Nh3+ 28. gxh3 Qg3+ 29. Kh1 Qxh3+ 30. Kg1 Qxe3+
31. Rf2 Qxc3 0-1

[Event "4th Stage Russian Cup"]
[Site "Samara RUS"]
[Date "2002.07.28"]
[Round "3"]
[White "Kruppa,Y"]
[Black "Iliushkin,E"]
[Result "1-0"]
[WhiteElo "2544"]
[BlackElo "2292"]
[EventDate "2002.07.26"]

1. d4 Nf6 2. c4 e6 3. Nc3 Bb4 4. Bg5 c5 5. d5 b5 6. cxb5 exd5 7. e3 Bb7 8.
Nf3 h6 9. Bh4 Qb6 10. Be2 Ne4 11. Rc1 a6 12. bxa6 Nxa6 13. O-O Bxc3 14.
bxc3 Nc7 15. Nd2 Qc6 16. Nxe4 dxe4 17. Rc2 O-O 18. c4 Qe6 19. Rd2 Bc6 20.
Bg3 Rfc8 21. Qc1 Ne8 22. Qc3 Ra4 23. Rb1 Rca8 24. Rbb2 Ra3 25. Qc1 Qf6 26.
Rb8 Rxb8 27. Bxb8 Qc3 28. Qxc3 Rxc3 29. h3 Rc1+ 30. Kh2 Kf8 31. Be5 Ba4 32.
Bb2 Rc2 33. Rxc2 Bxc2 34. Kg1 Bd3 35. Kf1 Nd6 36. Ba3 Nxc4 37. Bxc5+ d6 38.
Bb4 h5 39. Ke1 g5 40. Bd1 Ke7 41. Bc3 Na3 42. Bb2 Nc4 43. Bd4 Na3 44. Bb2
Nc4 45. Bc3 Na3 46. h4 Ke6 47. Bb3+ 1-0

[Event "4th Stage Russian Cup"]
[Site "Samara RUS"]
[Date "2002.07.28"]
[Round "3"]
[White "Yandarbiev,R"]
[Black "Belozerov,A"]
[Result "1-0"]
[WhiteElo "2357"]
[BlackElo "2541"]
[EventDate "2002.07.26"]

1. e4 c5 2. Nf3 e6 3. d4 cxd4 4. Nxd4 Nf6 5. Nc3 d6 6. Be2 Be7 7. O-O Nc6
8. Be3 O-O 9. Kh1 Bd7 10. f4 Nxd4 11. Bxd4 Bc6 12. Bf3 Qc7 13. a4 Nd7 14.
Nb5 Qb8 15. c4 Rd8 16. b3 a6 17. Nc3 e5 18. Be3 exf4 19. Bxf4 Nc5 20. Ra2
Bf6 21. Nd5 Bxd5 22. Qxd5 Qc7 23. b4 Ne6 24. Be3 a5 25. b5 Rf8 26. b6 Qe7
27. e5 Bxe5 28. Qxb7 Qh4 29. g4 Qh3 30. Rff2 Rae8 31. Rae2 Nd4 32. Bxd4
Bxd4 33. Bg2 Rxe2 34. Bxh3 Rxf2 35. Qc6 Rb2 36. b7 Rb1+ 37. Kg2 Rb2+ 38.
Kf1 Rf2+ 39. Ke1 Rxh2 40. Bg2 Ba7 41. Kf1 Rh6 42. Bd5 Rg6 43. Qa6 Bb8 44.
Qxa5 Rxg4 45. Qb6 Re8 46. a5 Rf4+ 47. Kg2 g5 48. a6 Re2+ 49. Kg3 h5 50. a7
Rg4+ 51. Kf3 Re8 52. axb8=Q Rf4+ 53. Kg3 Rg4+ 54. Kf2 Rf4+ 55. Kg1 Rg4+ 56.
Bg2 Rxb8 57. Qc7 Rxb7 58. Qxb7 Rxc4 59. Bd5 Rg4+ 60. Kf2 Rf4+ 61. Ke3 Kg7
62. Qe7 Rf6 63. Qd7 h4 64. Qg4 Kh6 65. Qd4 Rf4 66. Qh8+ Kg6 67. Qg8+ Kf5
68. Qxf7+ Kg4 69. Be6+ Kg3 70. Qe7 Rf3+ 71. Ke2 Rf2+ 72. Ke1 g4 73. Bxg4
Rf4 74. Be2 1-0

[Event "4th Stage Russian Cup"]
[Site "Samara RUS"]
[Date "2002.07.28"]
[Round "3"]
[White "Loginov,Va"]
[Black "Driamin,D"]
[Result "1-0"]
[WhiteElo "2526"]
[BlackElo "2323"]
[EventDate "2002.07.26"]

1. Nf3 Nf6 2. g3 g6 3. Bg2 Bg7 4. c4 O-O 5. d4 d6 6. O-O Nbd7 7. Qc2 e5 8.
Rd1 Qe7 9. Nc3 c6 10. e4 a5 11. b3 exd4 12. Nxd4 Nc5 13. f3 Re8 14. Be3 h5
15. Bg5 Qf8 16. Qd2 Nh7 17. Be3 h4 18. gxh4 Qe7 19. Bf2 Bf6 20. Nde2 Rd8
21. Bg3 Be5 22. Qe3 Nf6 23. Rd2 Nh5 24. Rad1 Ne6 25. f4 Bf6 26. Qf2 Qf8 27.
Na4 Be7 28. Bf3 Qh6 29. Bxh5 Qxh5 30. f5 gxf5 31. exf5 Nc7 32. Nb6 Rb8 33.
c5 Nd5 34. Nxd5 cxd5 35. f6 Bf8 36. Rxd5 1-0

[Event "4th Stage Russian Cup"]
[Site "Samara RUS"]
[Date "2002.07.28"]
[Round "3"]
[White "Shibaev,A"]
[Black "Grebionkin,Vl"]
[Result "1/2-1/2"]
[WhiteElo "2306"]
[BlackElo "2475"]
[EventDate "2002.07.26"]

1. d4 Nf6 2. c4 g6 3. Nc3 d5 4. cxd5 Nxd5 5. e4 Nxc3 6. bxc3 Bg7 7. Bc4 c5
8. Ne2 O-O 9. O-O Nc6 10. Be3 Qc7 11. Rc1 Rd8 12. Bf4 Qd7 13. d5 Na5 14.
Bd3 e5 15. Be3 Qe7 16. c4 b6 17. Bd2 Nb7 18. Rb1 f5 19. Nc3 f4 20. Be2 Nd6
21. f3 Rb8 22. Nb5 Nxb5 23. Rxb5 Bd7 24. Rb2 Qd6 25. Bd3 Bf6 26. g4 h5 27.
gxh5 g5 28. Kh1 Kf7 29. Rg1 Rh8 30. a3 a6 31. Qc2 Rxh5 32. Bc3 Rbh8 33. Be1
Bd8 1/2-1/2

[Event "4th Stage Russian Cup"]
[Site "Samara RUS"]
[Date "2002.07.28"]
[Round "3"]
[White "Kosintseva,N"]
[Black "Pisakov,I"]
[Result "0-1"]
[WhiteElo "2394"]
[BlackElo "2260"]
[EventDate "2002.07.26"]

1. e4 e5 2. Nf3 Nc6 3. Nc3 Nf6 4. Bb5 Bd6 5. d3 h6 6. O-O O-O 7. Ne2 Re8 8.
Ng3 Bf8 9. Re1 d5 10. exd5 Qxd5 11. Bxc6 bxc6 12. Ne4 Nd7 13. b3 Ba6 14.
Bb2 Bb4 15. Bc3 Bd6 16. Nh4 g6 17. Re3 Qe6 18. Qd2 Be7 19. Rf3 Bxh4 20.
Qxh6 Qe7 21. Rh3 Bf6 22. Bd2 Bg7 23. Qh7+ Kf8 24. Bh6 Qa3 25. Qxg7+ Ke7 26.
Bg5+ Ke6 27. Rf3 Qf8 28. Qh7 Qg8 29. Qh3+ f5 30. Ng3 Qf8 31. Qh4 c5 32. Qa4
Bb7 33. Ne4 Qf7 34. Be3 Qe7 35. Qc4+ Bd5 36. Qa6+ Kf7 37. c4 Bxe4 38. dxe4
f4 39. Bd2 Nf6 40. Bc3 Red8 41. Qa3 g5 42. g4 Nd7 43. Rh3 Kg6 44. Qb2 Nf6
45. Bxe5 Nxg4 46. Bh8 Rd7 47. f3 Ne3 48. Bf6 Qe6 49. Rh8 Rxh8 50. Bxh8 Qh3
51. Re1 Qxf3 52. Bc3 Qg4+ 53. Kh1 Qf3+ 54. Kg1 Rd1 55. Qf2 Qg4+ 56. Kh1
Rxe1+ 57. Bxe1 Qd1 58. Kg1 Nc2 59. Kf1 Ne3+ 60. Kg1 Nc2 61. Kf1 Kf6 62. h4
Ne3+ 63. Kg1 Qg4+ 64. Kh2 Qxh4+ 65. Qxh4 gxh4 66. Bxh4+ Ke5 67. Bd8 c6 68.
Be7 Kxe4 69. Bxc5 a6 70. Kg1 Kf3 71. Bb6 Nf5 72. Bc7 Nd4 73. Kf1 Ke3 74.
Bb6 Kd3 75. Kf2 Ne6 76. Kf3 Kc3 77. Ke4 c5 78. Kd5 f3 79. Ba5+ Kd3 80. Be1
Ke2 81. Bh4 Nd4 82. Ke4 Nc2 83. Kd5 Ne3+ 84. Ke4 Nc2 85. Kd5 Ne1 86. Ke4
Nd3 87. Kd5 Nf4+ 88. Ke4 Nh5 89. Kd5 Ng7 90. Ke5 Nh5 91. Kd5 Nf4+ 92. Ke4
Ng6 93. Bg3 Ne7 94. Bh4 Ng6 95. Bg3 Nh8 96. b4 cxb4 97. c5 Ng6 98. c6 Ne7
99. c7 a5 100. Kd4 a4 101. Kc4 b3 102. axb3 a3 103. Kc3 Nd5+ 104. Kc2 Nxc7
105. b4 Nb5 106. Kb1 f2 107. Bxf2 Kxf2 0-1

[Event "4th Stage Russian Cup"]
[Site "Samara RUS"]
[Date "2002.07.28"]
[Round "3"]
[White "Tihonov,J"]
[Black "Kiselev,Ar"]
[Result "0-1"]
[WhiteElo "2382"]
[BlackElo "2195"]
[EventDate "2002.07.26"]

1. d4 d5 2. c4 dxc4 3. Nf3 Nf6 4. e3 Bg4 5. Bxc4 e6 6. O-O Nc6 7. Nc3 a6 8.
Be2 Bd6 9. b3 O-O 10. Bb2 Qe7 11. h3 Bh5 12. a3 Bg6 13. Nh4 e5 14. d5 Nb8
15. Nxg6 hxg6 16. e4 Nbd7 17. b4 Nh7 18. Nb1 Qh4 19. Nd2 Ndf6 20. Bg4 Nxg4
21. Qxg4 Qh6 22. Qe2 Rae8 23. Rac1 f5 24. Rc3 Nf6 25. Bc1 Qh4 26. Re3 Nh5
27. Qe1 Kf7 28. Nf3 Qf6 29. exf5 gxf5 30. g3 e4 31. Nh4 g5 32. Ng2 Rh8 33.
Bd2 Ng7 34. Bc3 Qg6 35. f3 exf3 36. Rfxf3 Rxe3 37. Nxe3 f4 38. gxf4 gxf4+
39. Ng2 Re8 40. Qh4 Re3 41. Rxe3 fxe3 42. Bxg7 Qxg7 43. Qe1 Bg3 44. Qf1+
Bf2+ 45. Kh1 Qc3 46. Nxe3 Qxe3 47. Qg2 Bg3 48. Qf1+ Qf2 49. Qxf2+ Bxf2 50.
Kg2 Bd4 0-1

[Event "4th Stage Russian Cup"]
[Site "Samara RUS"]
[Date "2002.07.28"]
[Round "3"]
[White "Kurganov,D"]
[Black "Kondenko,A"]
[Result "0-1"]
[WhiteElo "2106"]
[BlackElo "2335"]
[EventDate "2002.07.26"]

1. c4 Nc6 2. Nf3 Nf6 3. Nc3 d6 4. g3 g6 5. Bg2 Bg7 6. d3 O-O 7. Rb1 a5 8.
O-O Bd7 9. Bd2 Qc8 10. Nb5 e5 11. b3 Ne8 12. Qe1 f5 13. Ng5 Ne7 14. f4 c6
15. Nc3 exf4 16. gxf4 h6 17. Nf3 Nf6 18. Na4 Qc7 19. Bc3 Rae8 20. Qd2 b6
21. Rbe1 Qa7 22. Kh1 b5 23. cxb5 cxb5 24. Bd4 Qa6 25. Nc3 b4 26. Nd1 Nc6
27. Bf2 a4 28. Nh4 Kh7 29. Ne3 axb3 30. axb3 Qb5 31. Nc4 Ng4 32. Bg1 Bc3
33. Qc1 Re6 34. Rd1 Nd4 35. e3 Ne2 36. Qc2 Nxg1 37. Rxg1 d5 38. h3 Nxe3 39.
Nxe3 Rxe3 40. Nxg6 Kxg6 41. Bxd5+ Kf6 42. Qg2 Ke7 43. d4 Kd8 44. Bc4 Qc6
45. d5 Qd6 46. Rdf1 Kc7 47. Kh2 Ra8 48. Qf2 Re4 49. Kh1 Bd4 50. Qe2 Bxg1
51. Bd3 Bc5 52. Bxe4 fxe4 53. Qxe4 Re8 0-1

[Event "4th Stage Russian Cup"]
[Site "Samara RUS"]
[Date "2002.07.28"]
[Round "3"]
[White "Loskutov,O"]
[Black "Rjabzev,K"]
[Result "1-0"]
[WhiteElo "2406"]
[BlackElo "2265"]
[EventDate "2002.07.26"]

1. e4 e5 2. Nf3 Nc6 3. Bb5 a6 4. Ba4 Nf6 5. O-O Be7 6. Re1 b5 7. Bb3 d6 8.
c3 O-O 9. a3 Na5 10. Ba2 Bb7 11. d3 c5 12. Nbd2 Rc8 13. Nf1 c4 14. Ng3 g6
15. d4 Nd7 16. Bh6 Re8 17. Qd2 Bf6 18. Rad1 Nf8 19. d5 Nd7 20. h3 Nc5 21.
Bb1 Rc7 22. Nh2 Bc8 23. f4 Nab3 24. Qf2 exf4 25. Bxf4 Bg5 26. Bxg5 Qxg5 27.
Nf3 Qf6 28. e5 dxe5 29. d6 Rb7 30. Rd5 Nd7 31. Ne4 Qg7 32. Bc2 f6 33. Rdd1
Rf8 34. Kh2 Rb8 35. Rf1 Bb7 36. Qe3 Kh8 37. h4 Bxe4 38. Bxe4 Nbc5 39. Bc2
Rbe8 40. h5 e4 41. h6 Qg8 42. Nd2 Qd5 43. Kg1 Nd3 44. b3 Qc5 45. Qxc5 N7xc5
46. d7 Nxd7 47. bxc4 bxc4 48. Nxc4 N7e5 49. Nd6 Rd8 50. Nxe4 f5 51. Ng5 Rd6
52. Bxd3 Rxd3 53. Rxd3 Nxd3 54. Rd1 Ne5 55. Rd5 Ng4 56. Rd7 Nf6 57. Rg7 1-0

[Event "4th Stage Russian Cup"]
[Site "Samara RUS"]
[Date "2002.07.28"]
[Round "3"]
[White "Shkliar,A"]
[Black "Geller,J"]
[Result "0-1"]
[WhiteElo "2249"]
[BlackElo "2406"]
[EventDate "2002.07.26"]

1. d4 d5 2. c4 e6 3. Nf3 c6 4. Nbd2 f5 5. g3 Nf6 6. Bg2 Bd6 7. O-O Nbd7 8.
Qc2 O-O 9. Ne1 Qe7 10. Nd3 b6 11. Nf3 Bb7 12. Bf4 c5 13. cxd5 Bxd5 14. Bxd6
Qxd6 15. Nf4 Be4 16. Qc4 Nd5 17. Nxe6 b5 18. Qxb5 Qxe6 19. Ng5 Qe7 20. Nxe4
fxe4 21. dxc5 Rab8 22. Qc4 N7f6 23. Rab1 Rb4 24. Qc2 Rc8 25. Rfc1 Rb5 26.
b4 Rxb4 27. Rxb4 Nxb4 28. Qc4+ Nbd5 29. c6 Qb4 30. Qa6 Rc7 31. Bh3 Kf7 32.
Rc4 Qb6 33. Qa4 e3 34. f4 Qb1+ 35. Kg2 Qe1 36. Qc2 Qf2+ 37. Kh1 Ng4 0-1